00543nam a22001817a 450000500170000001000140001702000260003103500130005703700130007008200060008310000250008924500820011426000520019627000530024830000220030170000180032370000200034120100812100051.0 aENG-99776 a9788185984339c295.00 aEN-83308 bDBAD/PUB aN dGoldratt, Eliyahu M. aIsn't it obvious? /cby Eliyathu M. Goldratt, Ilan Eshkoli and Joe Leer Brown aMadrasbProductivity & Quality Publishingc2009 a38, Thanikachalam Road, T. NagarbMadrase600017 a151p.c23cm (pbk) aEshkoli, Ilan aBrown, Joe Leer